000 00599nam a2200217Ia 4500
001 15632
003 GE_BSU
008 181216s||||||||xx |||||||||||||| ||und||
040 _cGE_BSU
080 _a821.353.1-1
100 _aწიკლაური, მამუკა
245 _aრკინის ფესვები
245 _b[ლექსები]
260 _aთბილისი
260 _bმერანი
260 _c1969
300 _a43გვ. ; 16სმ
653 _aლექსები
653 _aრკინის ფესვები
942 _cBK
999 _c48732
_d48732